Регионална библиотека "Любен Каравелов" - Русе

"Бай Ганю" и Бай Ганю (Запис номер 80946)

MARC детайли
000 -Лидер
Контролно поле с фиксирана дължина 01859nam a2200373 c 4500
003 - Код на организацията, давaща контролен номер
Контролно поле BLK
005 - Дата и час на последна редакция
Контролно поле 20240704005336.0
008 - Елементи от данни с фиксирана дължина
fixed length control field 180408b bul|||||r ||||||| ||bul||
010 ## - Наследен системен номер
LC control number KNG00085441000
020 ## - Международен стандартен номер на книга ISBN
Международен стандартен номер на книга ISBN 978-954-491448-6
-- издат.: Жанет 45
040 ## - Източник на каталожния запис
Идентификатор на билиотеката - собственик на записа BLK
041 ## - Код за език
Код за езика на текст/звукозапис или на отделно заглавие Български
Код за езика КДБФ Български
080 ## - УДК
Текстов определител УДК Българска литература
УДК код - определител по УДК 821.163.2
УДК определител (092)
УДК - код + определител 821.163.2(092)
080 ## - УДК
Текстов определител УДК Българска литература
УДК код - определител по УДК 821.163.2
УДК определител -32.09
УДК - код + определител 821.163.2-32.09
080 ## - УДК
Текстов определител УДК Български писател, адвокат и общественик (1863-1897)
УДК код - определител по УДК 929 Константинов, Алеко Иваницов
УДК определител
УДК - код + определител 929 Константинов, Алеко Иваницов
100 1# - Редна дума - Автор
Автор Игов, Светлозар Атанасов
Дати, свързани с автора 1945-2023
Автор - информация (биография) Филолог, славянска филология (1966). Литературен критик, историк. Поет, белетрист. Преводач от сърбохърватски език
R(LIN) 72055
139 ## - Редно поле
Редна дума Игов, Светлозар Атанасов
Авторски знак Констан - К 82
245 10 - Сведения за заглавието
Заглавие "Бай Ганю" и Бай Ганю
Подзаглавни данни Загадъчната творба за проблематичния българин
Редно поле (дума) Светлозар Атанасов Игов.
257 ## - Страна на издаване
Страна на създаване/издаване България
260 ## - Област на издателските данни
-- Пловдив
Име на издателя, разпространителя и проч. Жанет 45
Година на издаване 2008
300 ## - Физическа характеристика
Страници 304 с.
Размери/Мащаб 21 см
380 ## - Жанр
Жанр Литературознание
650 #4 - Допълнително описание по предмет – тема
Основно описание – тема или топоним Писатели, български - творчество
9 (RLIN) 250544
653 ## - Ключова дума – ненормативна
Ключова дума българска литература
653 ## - Ключова дума – ненормативна
Ключова дума Бай Ганьо
653 ## - Ключова дума – ненормативна
Ключова дума литературна критика
653 ## - Ключова дума – ненормативна
Ключова дума Алеко Константинов
852 ## - Местоположение
Форматна сигнатура Цб 241214
856 4# - Електронен адрес и достъп
Електронен формат pdf - файл
Път до файла /url/
856 4# - Електронен адрес и достъп
Електронен формат pdf - файл
Път до файла /url/
942 ## - АРТИКУЛИ
Вид на библиотечния материал Книги
Скрит в OPAC Не
Koha issues (borrowed), all copies 2
944 ## - СЪЗДАВАНЕ И РЕДАКЦИЯ на ЗАПИСА
Създаване/Редакция Създаване
Дата на регистрацията/редакция 05.09.2008
Статус, дата на статуса CRON CRON
Служител, извършил регистрацията/редакцията
944 ## - СЪЗДАВАНЕ И РЕДАКЦИЯ на ЗАПИСА
Създаване/Редакция Редакция
Дата на регистрацията/редакция 23.01.2012
Статус, дата на статуса ф /
Служител, извършил регистрацията/редакцията
999 ## - СИСТЕМНИ КОНТРОЛНИ НОМЕРА
Koha biblionumber 80946
Koha biblioitemnumber 80946
Наличности
Код за отписване Код за изгубен артикул Източник на класификационната схема Код за повреда Коз за рестрикции Код за отдаване Артикулен № Име на библиотеката - собственик Име на библиотеката, в която се намира в момента Статус (Текущо местоположение) Дата на вписване в системата Местоположение - отдел Цена в лева Инвентарен номер Систематично азбучна сигнатура Баркод Номер на екземпляра Цена в евро Служебна бележка Служебен тип на артикула
  Не е изгубен Universal Decimal Classification Не е повреден без рестрикции заемане за дома 131132 Регионална библиотека "Любен Каравелов" Русе Регионална библиотека "Любен Каравелов" Русе Заемна - подръчен фонд 2008-09-05 Заемна - подръчен фонд 9.00 120000728760 П 821.163.2.09(092)/К 82 120000728760 1 4.60 Дост: Pk Вид: Ф N: 7474 Дата: 01.09.2008 Дата инв: 07.02.2018 Бележки инв: П2018 Книги
  Не е изгубен Universal Decimal Classification Не е повреден без рестрикции ползва се в читалня 131133 Регионална библиотека "Любен Каравелов" Русе Регионална библиотека "Любен Каравелов" Русе Читалня 2008-09-05 Читалня 9.00 120000728761 Ч 821.163.2.09(092)/К 82 120000728761 2 4.60 Дост: Pk Вид: Ф N: 7474 Дата: 01.09.2008 Дата инв: 27.03.2017 Бележки инв: Ч2017 Книги
  Не е изгубен   Не е повреден без рестрикции ползва се в читалня 131134 Регионална библиотека "Любен Каравелов" Русе Регионална библиотека "Любен Каравелов" Русе Хранилище 2009-06-16 Хранилище 9.00 120000736200 Цб 241214 120000736200 3 4.60 Дост: Dp Вид: Д N: 2 Дата: 17.12.2008 Книги
  Не е изгубен Universal Decimal Classification Не е повреден без рестрикции заемане за дома 131135 Регионална библиотека "Любен Каравелов" Русе Регионална библиотека "Любен Каравелов" Русе Заемна - подръчен фонд 2011-12-16 Заемна - подръчен фонд 9.00 120000755696 П 821.163.2.09(092)/К 82 120000755696 4 4.60 Дост: Pk Вид: Ф N: 251 Дата: 15.12.2011 Дата инв: 07.02.2018 Бележки инв: П2018 Книги
Vip Innovations Ltd, Rousse, Bulgaria 2025